Sprache und Sprechtaetigkeit : Sprachpsychologische Konzepte
Αποθηκεύτηκε σε:
| Κύριος συγγραφέας: | |
|---|---|
| Μορφή: | Βιβλίο |
| Γλώσσα: | German |
| Δημοσίευση: |
Tuebingen :
Niemeyer,
1994
|
| Σειρά: | Konzepte der Sprach- und Literaturwissenschaft ;
; 52 |
| Θέματα: | |
| Ετικέτες: |
Προσθήκη ετικέτας
Δεν υπάρχουν, Καταχωρήστε ετικέτα πρώτοι!
|
MARC
| LEADER | 00000nam a2200000 i 4500 | ||
|---|---|---|---|
| 001 | 1/79256 | ||
| 008 | 980210s1994 ger d | ||
| 020 | |a 3-484-22052-X | ||
| 035 | |a 1997 |b 3 |c Αγορά/Σκούρτου |l 10033133 | ||
| 040 | |a GR-MY-UA |b gre |e aacr | ||
| 041 | 0 | |a ger | |
| 082 | 0 | |a 401.9 | |
| 100 | 1 | |a Knobloch, Clemens. | |
| 245 | 1 | 0 | |a Sprache und Sprechtaetigkeit : |b Sprachpsychologische Konzepte / |c Clements Knobloch |
| 260 | |a Tuebingen : |b Niemeyer, |c 1994 | ||
| 300 | |a 230 p. | ||
| 490 | 1 | |a Konzepte der Sprach- und Literaturwissenschaft |v ; 52 |x 0344-6735 | |
| 650 | 0 | 0 | |a Psycholinguistics. |
| 830 | 0 | |a Konzepte der Sprach- und Literaturwissenschaft ; |v ; 52 |x 0344-6735 | |
| 852 | |a INST |b RHODES |e 19980210 |h 401.9 KNO |p 005400005549 |q 005400005549 |t BK |y 0 | ||
| 901 | |a BIBL-1998-1 | ||
| 909 | |a Ρ |b 052242 |c 1997 | ||